المضادات الحيوية وصناعة الدواجن / (Record no. 33181)
[ view plain ]
| 000 -LEADER | |
|---|---|
| fixed length control field | 00803nam a22002297a 4500 |
| 003 - CONTROL NUMBER IDENTIFIER | |
| control field | JO-AjAnu |
| 005 - DATE AND TIME OF LATEST TRANSACTION | |
| control field | 20231202092003.0 |
| 008 - FIXED-LENGTH DATA ELEMENTS--GENERAL INFORMATION | |
| fixed length control field | 231128b jo ||||| |||| 00| 0 ara d |
| 015 ## - NATIONAL BIBLIOGRAPHY NUMBER | |
| Source | 2020/20070 |
| 020 ## - INTERNATIONAL STANDARD BOOK NUMBER | |
| International Standard Book Number | 9789778125580 |
| 040 ## - CATALOGING SOURCE | |
| Original cataloging agency | JO-AjAnu |
| Language of cataloging | ARA |
| Transcribing agency | JO-AjAnu |
| 041 ## - LANGUAGE CODE | |
| Language code of text/sound track or separate title | ARA |
| 050 ## - LIBRARY OF CONGRESS CALL NUMBER | |
| Classification number | SF487 |
| -- | 2021 |
| 100 #1 - MAIN ENTRY--PERSONAL NAME | |
| Personal name | السيد، احمد جلال |
| Relator term | اعداد |
| 9 (RLIN) | 64509 |
| 245 2# - TITLE STATEMENT | |
| Title | المضادات الحيوية وصناعة الدواجن / |
| Statement of responsibility, etc. | احمد جلال السيد |
| 250 ## - EDITION STATEMENT | |
| Edition statement | الطبعة الاولى |
| 260 ## - PUBLICATION, DISTRIBUTION, ETC. | |
| Place of publication, distribution, etc. | القاهرة : |
| Name of publisher, distributor, etc. | المكتب العربي للمعارف، |
| Date of publication, distribution, etc. | 2021 |
| 300 ## - PHYSICAL DESCRIPTION | |
| Extent | 330صفحة |
| 500 ## - GENERAL NOTE | |
| General note | يحتوي على مراجع وصور توضيحية |
| 650 70 - SUBJECT ADDED ENTRY--TOPICAL TERM | |
| Topical term or geographic name entry element | الدواجن، المضادات الحيوية |
| 9 (RLIN) | 64511 |
| 942 ## - ADDED ENTRY ELEMENTS (KOHA) | |
| Source of classification or shelving scheme | Library of Congress Classification |
| Koha item type | Books |
| Suppress in OPAC | No |
| Withdrawn status | Lost status | Source of classification or shelving scheme | Damaged status | Not for loan | Home library | Current library | Date acquired | Total Checkouts | Full call number | Barcode | Date last seen | Price effective from | Koha item type |
|---|---|---|---|---|---|---|---|---|---|---|---|---|---|
| Library of Congress Classification | مكتبة جامعة عجلون الوطنية | مكتبة جامعة عجلون الوطنية | 28/11/2023 | SF487.2021 | A29672 | 28/11/2023 | 28/11/2023 | Books | |||||
| Library of Congress Classification | مكتبة جامعة عجلون الوطنية | مكتبة جامعة عجلون الوطنية | 28/11/2023 | SF487.2021 | A29673 | 28/11/2023 | 28/11/2023 | Books |